Andak sang badak
| Main Author: | |
|---|---|
| Format: | Book |
| Published: |
Petaling Jaya :
Longman ,
1993
|
| Subjects: |
MARC
| LEADER | 00000cam a2200000 7i4500 | ||
|---|---|---|---|
| 001 | 0000001525 | ||
| 002 | 000001671 | ||
| 005 | 20000330.0 | ||
| 020 | |a 9837400285 | ||
| 090 | 0 | 0 | |a JF |b ADI |
| 100 | 0 | |a Adibah Amin | |
| 245 | 1 | 0 | |a Andak sang badak |c Adibah Amin |
| 260 | |a Petaling Jaya : |b Longman , |c 1993 | ||
| 300 | |a 30p. : |b ill. ; |c 24cm. | ||
| 650 | 0 | 0 | |a Children's stories |
| 999 | |a 034173 |b BUKU |c PINJAMAN |e PERPUSTAKAAN KOMUNITI PETALING JAYA | ||
| 999 | |a 034175 |b BUKU |c PINJAMAN |e PERPUSTAKAAN KOMUNITI PETALING JAYA | ||